000 01019nam a2200229 a 4500
003 KPN
005 20260428100023.0
008 20260428b 00| 0 my d
020 _a9789675783135
_cRM35.00
_qpaperback
040 _cKPN
082 0 4 _aBM FK GOR 2011
_223
090 0 0 _aBM FK GOR 2011
_bGOR
100 1 _aGordon, Roderick
245 1 0 _aDeeper /
_cRoderick Gordon & Brian Williams; penterjemah Harny Abu Khair
260 _aBatu Caves, Selangor :
_bPTS Litera Utama,
_c2011
300 _a597 pages ;
_c22cm.
521 _aPengembaraan masih belum tamat untuk Will Burrows. Dalam misi mencari ayah angkatnya, Will terus jatuh jauh ke dalam tanah. Dan keadaan menjadi semakin sukar apabila dia bertembung pula dengan rahsia rancangan Styx yang akan membawa implikasi buruk kepada dunia di atas. Begitu juga dengan kisah seorang adik perempuan yang masih berdendam....
650 1 0 _aEnglish fiction
_vTranslations into Malay
700 1 _aWilliams, Brian,
_d1943-
700 0 _aHarny Abu Khair
942 _2ddc
_c1
_n0
999 _c1836
_d1836